| 000 | 00708nam a2200229 a 4500 | ||
|---|---|---|---|
| 001 | 13743 | ||
| 003 | BD-JhCC | ||
| 005 | 20240320131226.0 | ||
| 008 | 240320b 2024b |||| ||a| 000 0 b d | ||
| 020 | _a9789849870463 | ||
| 035 | _a(BD-JhCC)13743 | ||
| 040 |
_aBD-JhCC _dBD-JhCC |
||
| 041 | _aben | ||
| 082 |
_a891.443 _bCHO 2024 |
||
| 100 | _a চৌধুরী, লামইয়া | ||
| 245 |
_aফ্ল্যাট নম্বর নয় ছয় / _b লামইয়া চৌধুরী |
||
| 260 |
_aঢাকা: _bঅন্যপ্রকাশ; _c2024. |
||
| 300 |
_a424 p. : _c22 cm. |
||
| 650 | _aসমকালীন উপন্যাস | ||
| 942 |
_2ddc _cBK |
||
| 999 |
_c13743 _d13743 |
||